PENDIDIKAN di Malaysia
| Format: | Book |
|---|---|
| Published: |
Kuala Lumpur :
Utusan Pub. & Dist. ,
1998 (1993)
|
| Subjects: |
MARC
| LEADER | 00000cam a2200000 7i4500 | ||
|---|---|---|---|
| 001 | 0000001167 | ||
| 005 | 20140116.0 | ||
| 020 | 0 | 0 | |a 9676103349 |
| 090 | 0 | 0 | |a 370.9595 |b PEN 1998 |
| 245 | 0 | 0 | |a PENDIDIKAN di Malaysia |c Saedah Hj. Siraj ... (et al.) |
| 260 | 0 | 0 | |a Kuala Lumpur : |b Utusan Pub. & Dist. , |c 1998 (1993) |
| 300 | |a 221 p. ; |c 22 cm. | ||
| 500 | 0 | 0 | |a Includes bibliographical references |
| 650 | 0 | 0 | |a Education |z Malaysia |
| 998 | |a JPSM | ||
| 999 | |a 0000002368 |b Monograph |c Open Shelf |e Default branch | ||